| 000 | 00928nam a22002177a 4500 | ||
|---|---|---|---|
| 005 | 20240530110554.0 | ||
| 008 | 160808s2013 ly f b 000 0 ara d | ||
| 017 |
_a2012/31 _bليبيا . دار الكتب الوطنية |
||
| 020 | _a97899956631220 | ||
| 040 | _aEG-CaGPL | ||
| 082 | 0 | 4 |
_221 _a939.73\ _bإ ت |
| 100 | 0 | _aالهام الهادى الوحيشى | |
| 245 | 0 | 2 |
_aتاثيرات قرطاجة على سكان المغرب القديم منذ تاسيسها حتى نهاية العصور القديمة : _b( 814 ق . م - 642 م ) / _cاعداد الهام الهادى الوحيشى |
| 250 | _aط. 1 | ||
| 260 |
_aبنغازى : _bجامعة الزاوية ، _c2013 . |
||
| 300 |
_a135 ص. ؛ _c24 سم . |
||
| 504 | _aشتمل على ارجاعات ببليوجرافية | ||
| 651 | 0 | 4 |
_aقرطاجة _xتاريخ |
| 651 | 0 | 4 |
_aتونس القديمة _xتاريخ _xالفينيقيون |
| 942 |
_2ddc _cBK |
||
| 999 |
_c62529 _d62529 |
||